SPECIAL issue: mental health consequences of disasters (Record no. 47265)

000 -LEADER
fixed length control field 00346pab a2200133 454500
008 - FIXED-LENGTH DATA ELEMENTS--GENERAL INFORMATION
fixed length control field 180718b2000 xxu||||| |||| 00| 0 eng d
245 ## - TITLE STATEMENT
Title SPECIAL issue: mental health consequences of disasters
260 ## - PUBLICATION, DISTRIBUTION, ETC.
Date of publication, distribution, etc. 2000
300 ## - PHYSICAL DESCRIPTION
Extent p.527-701
362 ## - DATES OF PUBLICATION AND/OR SEQUENTIAL DESIGNATION
Dates of publication and/or sequential designation Oct
650 ## - SUBJECT ADDED ENTRY--TOPICAL TERM
Topical term or geographic name entry element Mental health
773 ## - HOST ITEM ENTRY
Main entry heading Indian Journal of Social Welfare
909 ## -
-- 47265
Holdings
Withdrawn status Lost status Damaged status Not for loan Permanent Location Current Location Date acquired Serial Enumeration / chronology Barcode Date last seen Price effective from Koha item type
        Indian Institute of Public Administration Indian Institute of Public Administration 2018-07-19 Volume no: 61, Issue no: 4 AR47693 2018-07-19 2018-07-19 Articles

Powered by Koha